000 00987nam a2200289 i 4500
003 EG-GICUC
005 20260430180728.0
008 260430s1980 ua |||fr|||| 00| 0 eng d
040 _aEG-GiCUC
_beng
_cEG-GiCUC
_dEG-GiCUC
_erda
082 0 4 _221
_a343.164
_bLE
092 0 4 _221
099 _aLaw1 10 343.164 LE 1980
245 0 0 _aLegal Terminology For the Use of Second Year Students /
_cPrepared by Prof. Dr. Mohamed H. Abd-el-aal, Dr. Aziza H. El Sherif.
264 2 _aCairo University Press :
_bDar El Nahda El Arabia,
_c1980.
300 _a89 pages ;
_c24 cm.
336 _2rda content
_atext
337 _2rda media
_aComputer
338 _2rda carrier
_aOnline Resource
500 _aCriminal Law & Civil Law
546 _a Parallel text in Arabic and English
650 1 _aPrecautionary Measure
_2qrmak
650 1 _aCriminal Law
_2qrmak
651 1 _2qrmak
856 4 0 _uhttps://fll.law.cu.edu.eg/fulltext/bks/B10-11300.pdf
905 _a54
942 _2ddc
_cBK
_e21
_n0
999 _c74565
_d74565